Rise and demise (Record no. 535120)

MARC details
000 -LEADER
fixed length control field 00820nam a2200277Ia 4500
003 - CONTROL NUMBER IDENTIFIER
control field OSt
005 - DATE AND TIME OF LATEST TRANSACTION
control field 20220925200026.0
008 - FIXED-LENGTH DATA ELEMENTS--GENERAL INFORMATION
fixed length control field 220923b |||||||| |||| 00| 0 eng d
020 ## - INTERNATIONAL STANDARD BOOK NUMBER
International Standard Book Number 0813310059
037 ## - SOURCE OF ACQUISITION
Terms of availability General Book
040 ## - CATALOGING SOURCE
Original cataloging agency RTL
Transcribing agency RTL
Language of cataloging eng
041 ## - LANGUAGE CODE
Source of code eng
Language code of text/sound track or separate title eng
100 ## - MAIN ENTRY--PERSONAL NAME
Personal name Chase-dunn Christopher
9 (RLIN) 23065
245 #0 - TITLE STATEMENT
Title Rise and demise
Remainder of title Comapring world-system
260 ## - PUBLICATION, DISTRIBUTION, ETC.
Place of publication, distribution, etc. Colorado
Name of publisher, distributor, etc. Westview Press
Date of publication, distribution, etc. 1997
300 ## - PHYSICAL DESCRIPTION
Extent xi,322p
Dimensions cm.
490 ## - SERIES STATEMENT
Series statement New Persepctives in Sociology
500 ## - GENERAL NOTE
General note Bibliography: p 276-306; Glossary: p 271-275
650 ## - SUBJECT ADDED ENTRY--TOPICAL TERM
Topical term or geographic name entry element Social Change
700 ## - ADDED ENTRY--PERSONAL NAME
Personal name Hall Thomas D
9 (RLIN) 256312
942 ## - ADDED ENTRY ELEMENTS (KOHA)
Classification part Y:6, N7
Koha item type General Books
Source of classification or shelving scheme Colon Classification (CC)

No items available.

Copyright @ Delhi University Library System